<?xml version="1.0" encoding="UTF-8"?>
<record
    xmlns:xsi="http://www.w3.org/2001/XMLSchema-instance"
    xsi:schemaLocation="http://www.loc.gov/MARC21/slim http://www.loc.gov/standards/marcxml/schema/MARC21slim.xsd"
    xmlns="http://www.loc.gov/MARC21/slim">

  <leader>01125nab a2200205 i 4500</leader>
  <controlfield tag="001">170438</controlfield>
  <controlfield tag="003">ES-MaACL</controlfield>
  <controlfield tag="005">20250911063603.0</controlfield>
  <controlfield tag="008">090305m18861887sp            000 0 spa d</controlfield>
  <datafield tag="100" ind1="1" ind2=" ">
    <subfield code="a">Romero Gir&#xF3;n, Vicente, </subfield>
    <subfield code="d">1835-1900</subfield>
    <subfield code="9">99395</subfield>
  </datafield>
  <datafield tag="245" ind1="1" ind2="0">
    <subfield code="a">Pacheco y el movimiento de la legislaci&#xF3;n penal en Espa&#xF1;a en el presente siglo : 30&#xAA; conferencia [del ciclo "La Espa&#xF1;a del siglo XIX", Ateneo Cient&#xED;fico, Literario y Art&#xED;stico de Madrid] / </subfield>
    <subfield code="c">orador, Vicente Romero Gir&#xF3;n.</subfield>
  </datafield>
  <datafield tag="600" ind1="1" ind2="4">
    <subfield code="a">Pacheco, Joaqu&#xED;n Francisco,</subfield>
    <subfield code="d">1808-1865</subfield>
    <subfield code="9">88121</subfield>
  </datafield>
  <datafield tag="610" ind1="2" ind2="4">
    <subfield code="a">Ateneo de Madrid-</subfield>
    <subfield code="v">Conferencias-</subfield>
    <subfield code="y">S.XIX.</subfield>
    <subfield code="9">1910</subfield>
  </datafield>
  <datafield tag="610" ind1="2" ind2="4">
    <subfield code="a">Ateneo de Madrid-</subfield>
    <subfield code="v">Obras digitalizadas.</subfield>
    <subfield code="9">1930</subfield>
  </datafield>
  <datafield tag="773" ind1="0" ind2=" ">
    <subfield code="t">La Espa&#xF1;a del siglo XIX : colecci&#xF3;n de conferencias hist&#xF3;ricas celebradas durante el curso de 1885-86 [y curso de 1886-87], </subfield>
    <subfield code="d">Madrid : Librer&#xED;a de Don Antonio San Mart&#xED;n, 1886-1887,</subfield>
    <subfield code="g">T.3, p. 173-195</subfield>
    <subfield code="0">82158</subfield>
    <subfield code="9">85194</subfield>
    <subfield code="w">82158</subfield>
  </datafield>
  <datafield tag="856" ind1="4" ind2=" ">
    <subfield code="u">http://www.ateneodemadrid.com/biblioteca_digital/folletos/Folletos-0118.pdf</subfield>
    <subfield code="z">Ver documento</subfield>
  </datafield>
  <datafield tag="942" ind1=" " ind2=" ">
    <subfield code="c">ANAM</subfield>
    <subfield code="2">udc</subfield>
  </datafield>
  <datafield tag="999" ind1=" " ind2=" ">
    <subfield code="c">170438</subfield>
    <subfield code="d">170438</subfield>
  </datafield>
</record>
